<?xml version="1.0" encoding="UTF-8"?><?xml-stylesheet type="text/xsl" href="static/style.xsl"?><OAI-PMH xmlns="http://www.openarchives.org/OAI/2.0/" xmlns:xsi="http://www.w3.org/2001/XMLSchema-instance" xsi:schemaLocation="http://www.openarchives.org/OAI/2.0/ http://www.openarchives.org/OAI/2.0/OAI-PMH.xsd"><responseDate>2026-04-17T23:36:42Z</responseDate><request verb="GetRecord" identifier="oai:www.recercat.cat:20.500.12327/3312" metadataPrefix="marc">https://recercat.cat/oai/request</request><GetRecord><record><header><identifier>oai:recercat.cat:20.500.12327/3312</identifier><datestamp>2025-10-22T11:07:49Z</datestamp><setSpec>com_2072_4428</setSpec><setSpec>com_2072_4427</setSpec><setSpec>col_2072_487898</setSpec></header><metadata><record xmlns="http://www.loc.gov/MARC21/slim" xmlns:dcterms="http://purl.org/dc/terms/" xmlns:xsi="http://www.w3.org/2001/XMLSchema-instance" xmlns:doc="http://www.lyncode.com/xoai" xsi:schemaLocation="http://www.loc.gov/MARC21/slim http://www.loc.gov/standards/marcxml/schema/MARC21slim.xsd">
   <leader>00925njm 22002777a 4500</leader>
   <datafield ind2=" " ind1=" " tag="042">
      <subfield code="a">dc</subfield>
   </datafield>
   <datafield ind2=" " ind1=" " tag="720">
      <subfield code="a">Llauradó-Calero, Eudald</subfield>
      <subfield code="e">author</subfield>
   </datafield>
   <datafield ind2=" " ind1=" " tag="720">
      <subfield code="a">Badiola, Ignacio</subfield>
      <subfield code="e">author</subfield>
   </datafield>
   <datafield ind2=" " ind1=" " tag="720">
      <subfield code="a">Samarra, I.</subfield>
      <subfield code="e">author</subfield>
   </datafield>
   <datafield ind2=" " ind1=" " tag="720">
      <subfield code="a">Lizardo, Rosil</subfield>
      <subfield code="e">author</subfield>
   </datafield>
   <datafield ind2=" " ind1=" " tag="720">
      <subfield code="a">Torrallardona, David</subfield>
      <subfield code="e">author</subfield>
   </datafield>
   <datafield ind2=" " ind1=" " tag="720">
      <subfield code="a">Esteve-Garcia, Enric</subfield>
      <subfield code="e">author</subfield>
   </datafield>
   <datafield ind2=" " ind1=" " tag="720">
      <subfield code="a">Tous, Núria</subfield>
      <subfield code="e">author</subfield>
   </datafield>
   <datafield ind2=" " ind1=" " tag="260">
      <subfield code="c">2024-08-23</subfield>
   </datafield>
   <datafield ind2=" " ind1=" " tag="520">
      <subfield code="a">Weaning is a decisive event in piglets’ life. This study aimed to evaluate whether the inclusion of fish oil,&#xd;
rich in eicosapentaenoic and docosahexaenoic acids (EPA and DHA), in sow and piglet diets, increased the&#xd;
concentration of anti-inflammatory molecules in the blood of weaned piglets and whether the effect was&#xd;
dependent on the pigs being born with either low or a high birth BW (bBW). Thirty-six sows in four consecutive batches were randomly distributed between a control diet with animal fat (15 g/kg in gestation&#xd;
and 30 g/kg in lactation) or a n-3 long-chain fatty acid diet (LCFA; totally or half replacing animal fat by&#xd;
fish oil during gestation and lactation, respectively) from service until weaning (ca. 28 days). At birth, the&#xd;
two lightest (LBW) and the two heaviest (HBW) piglets in each litter were identified and, at weaning,&#xd;
grouped in pens by pairs prioritising their bBW. Pens were further distributed into a control (30 g/kg animal fat) or n-3 LCFA diet (totally replacing animal fat by fish oil) for 28 days. At the end of the trial, blood&#xd;
was collected from piglets in the first batch (n = 48). Serum fatty acids (FAs) were quantified by GC,&#xd;
plasma oxylipins by ultra-HPLC-MS, and plasma immune indicators by ELISA. An interaction between&#xd;
piglet diet and bBW for average daily gain (P = 0.020) and average daily feed intake (P = 0.014) during&#xd;
the whole postweaning indicated that dietary n-3 LCFA promoted LBW piglets to have a similar growth&#xd;
and intake than HBW piglets reaching 1.5 kg average BW more at the end of the postweaning period than&#xd;
LBW control piglets. Fish oil in piglet diets also increased the concentrations of total n-3 FA, EPA and DHA&#xd;
(all P &lt; 0.001), their resultant oxylipins, particularly their hydroxy derivatives from lipoxygenase enzymatic pathway (all P &lt; 0.001) and tended to increase immunoglobulin M (P = 0.067) in blood.&#xd;
Regarding the bBW category, LBW piglets tend to increase tumour necrosis factor a in plasma&#xd;
(P = 0.083) compared to HBW. It is concluded that fish oil in postweaning diets could enhance the daily&#xd;
gain and feed intake of LBW piglets, increasing the concentration of serum n-3 FAs and their derived&#xd;
oxylipins in plasma.</subfield>
   </datafield>
   <datafield ind1="8" ind2=" " tag="024">
      <subfield code="a">Llauradó-Calero, Eudald, Ignacio Badiola, Iris Samarra, Rosil Lizardo, David Torrallardona, Enric Esteve-Garcia, and Núria Tous. 2024. “Impact of Adding Eicosapentaenoic and Docosahexaenoic Acids-rich Fish Oil in Sow and Piglet Diets on Blood Oxylipins and Immune Indicators of Weaned Piglets.” Animal, 18 (10): 101317. doi: 10.1016/j.animal.2024.101317</subfield>
   </datafield>
   <datafield ind1="8" ind2=" " tag="024">
      <subfield code="a">1751-7311</subfield>
   </datafield>
   <datafield ind1="8" ind2=" " tag="024">
      <subfield code="a">http://hdl.handle.net/20.500.12327/3312</subfield>
   </datafield>
   <datafield ind1="8" ind2=" " tag="024">
      <subfield code="a">https://doi.org/10.1016/j.animal.2024.101317</subfield>
   </datafield>
   <datafield ind2="0" ind1="0" tag="245">
      <subfield code="a">Impact of adding eicosapentaenoic and docosahexaenoic acid-rich fish oil in sow and piglet diets on blood oxylipins and immune indicators of weaned piglets</subfield>
   </datafield>
</record></metadata></record></GetRecord></OAI-PMH>